[Event "16th EUR-ch"]
[Site "Jerusalem ISR"]
[Date "2015.02.27"]
[Round "4"]
[White "Parkhov, Yair"]
[Black "Kudischewitsch, David"]
[Result "0-1"]
[WhiteElo "1997"]
[BlackElo "2334"]
[EventDate "2015.02.24"]
[PlyCount "140"]

1.d4 d5 2.c4 dxc4 3.Nf3 Nf6 4.g3 c6 5.Bg2 b5 6.O-O Bb7 7.a4 a6 8.Nc3 e6 9.
Ne5 Nd5 10.e4 Nxc3 11.bxc3 Be7 12.Qg4 O-O 13.h4 Kh8 14.h5 Nd7 15.h6 g6 16.
Nxd7 Qxd7 17.e5 Kg8 18.Rd1 Qc7 19.Bg5 Bxg5 20.Qxg5 Qd8 21.Qf4 Qe7 22.axb5 
axb5 23.g4 Rfb8 24.g5 Kf8 25.Be4 Ke8 26.Kh2 Kd7 27.Kg3 Kc7 28.Kg4 Rd8 29.
Qf3 Rdb8 30.Rdb1 Rf8 31.Kh4 Rfc8 32.Kg4 Kb8 33.Rxa8+ Bxa8 34.Ra1 Bb7 35.
Kh4 Rc7 36.Kg4 Qd8 37.Kh4 Qd7 38.Kg4 c5 39.Bxb7 Rxb7 40.dxc5 Qd5 41.Qxd5 
exd5 42.c6 Rb6 43.Rd1 b4 44.cxb4 c3 45.Rxd5 Rxb4+ 46.f4 Rc4 47.Rd1 c2 48.
Rc1 Kc7 49.Kh3 Kd8 50.Kg3 Ke7 51.Kg4 Ke6 52.Kf3 Kf5 53.Ke3 Rxc6 54.Kd4 
Kxf4 55.Kd5 Rc3 56.Kd6 Kxg5 57.Ke7 Rc7+ 58.Kd6 Ra7 59.Rxc2 Kxh6 60.Rh2+ 
Kg7 61.Rf2 Ra6+ 62.Kd5 h5 63.Rh2 Ra4 64.Rc2 Kh6 65.Rf2 Ra7 66.Rf4 Kg5 67.
Rc4 h4 68.Rc3 Kh5 69.Ke4 Ra4+ 70.Ke3 g5 0-1

[Event "16th EUR-ch"]
[Site "Jerusalem ISR"]
[Date "2015.02.27"]
[Round "4"]
[White "Mordechai, Hanan"]
[Black "Chubar, Vladimir"]
[Result "1-0"]
[WhiteElo "2331"]
[BlackElo "2066"]
[EventDate "2015.02.24"]
[PlyCount "49"]

1.e4 e6 2.d4 d5 3.Nd2 dxe4 4.Nxe4 Nd7 5.Nf3 Be7 6.Bd3 Ngf6 7.Qe2 O-O 8.Bd2
c5 9.dxc5 Nxc5 10.Nxc5 Bxc5 11.O-O-O Qc7 12.g4 Bd7 13.g5 Nd5 14.Ne5 g6 15.
h4 Ba4 16.f4 Rfc8 17.Qe4 b5 18.h5 f5 19.gxf6 Nxf6 20.Qg2 Bxc2 21.Kxc2 Nxh5
22.Kb1 Ng7 23.Rxh7 Kxh7 24.Qxg6+ Kg8 25.Rh1 1-0

[Event "16th EUR-ch"]
[Site "Jerusalem ISR"]
[Date "2015.02.27"]
[Round "4"]
[White "Manakova, Maria"]
[Black "Zak, Arad"]
[Result "0-1"]
[WhiteElo "2318"]
[BlackElo "2061"]
[EventDate "2015.02.24"]
[PlyCount "68"]

1.e4 c5 2.Nf3 d6 3.d4 cxd4 4.Nxd4 Nf6 5.Nc3 a6 6.Be2 e5 7.Nb3 Be7 8.O-O 
O-O 9.Be3 Be6 10.Nd5 Nbd7 11.Qd3 Bxd5 12.exd5 Rc8 13.c4 Nc5 14.Qc2 Nfd7 
15.Nd2 a5 16.Nb1 f5 17.f3 Bg5 18.Bxg5 Qxg5 19.Qd2 Qh4 20.Nc3 Rf6 21.Qe1 
Qg5 22.Nb5 Rg6 23.Rf2 b6 24.b3 Rh6 25.Bf1 Rf8 26.Rb1 Qh5 27.h3 Rff6 28.a3 
Rfg6 29.Kh1 Qg5 30.g4 fxg4 31.f4 exf4 32.Qe8+ Nf8 33.b4 gxh3 34.Be2 h2 0-1

[Event "16th EUR-ch"]
[Site "Jerusalem ISR"]
[Date "2015.02.27"]
[Round "4"]
[White "Vasiliev, Olga"]
[Black "Travinsky, Mark"]
[Result "1-0"]
[WhiteElo "2296"]
[BlackElo "1958"]
[EventDate "2015.02.24"]
[PlyCount "63"]

1.e4 e5 2.Nf3 Nc6 3.Bb5 a6 4.Ba4 Nf6 5.Qe2 b5 6.Bb3 Bc5 7.c3 d6 8.O-O O-O 
9.Rd1 Bg4 10.h3 Bh5 11.d3 h6 12.Nbd2 Qd7 13.Nf1 Rfe8 14.Ng3 Bxf3 15.Qxf3 
Nh7 16.Nf5 Kh8 17.Qg4 f6 18.Bd5 Ng5 19.Nxh6 Qxg4 20.Nxg4 Ne7 21.Bxa8 Rxa8 
22.Bxg5 fxg5 23.a4 Rf8 24.axb5 axb5 25.Ra5 c6 26.b4 Bb6 27.Ra6 Rb8 28.Rda1
Rb7 29.Ra8+ Kh7 30.Re8 Kg6 31.Raa8 Ba7 32.Red8 1-0

[Event "16th EUR-ch"]
[Site "Jerusalem ISR"]
[Date "2015.02.27"]
[Round "4"]
[White "Chazan, Yonatan"]
[Black "Gershkowich, David"]
[Result "1/2-1/2"]
[WhiteElo "1961"]
[BlackElo "2227"]
[EventDate "2015.02.24"]
[PlyCount "47"]

1.e4 c5 2.c3 e6 3.d4 d5 4.e5 Nc6 5.Nf3 Qb6 6.a3 cxd4 7.cxd4 Nh6 8.b4 Nf5 
9.Be3 Bd7 10.Bd3 Rc8 11.O-O Be7 12.Nbd2 O-O 13.Nb3 a5 14.Nc5 Be8 15.Na4 
Qd8 16.b5 Nb8 17.Bd2 f6 18.exf6 Bxf6 19.Bxf5 exf5 20.Qb3 Bh5 21.Rac1 Rc4 
22.Rxc4 dxc4 23.Qxc4+ Kh8 24.Nc5 1/2-1/2

[Event "16th EUR-ch"]
[Site "Jerusalem ISR"]
[Date "2015.02.27"]
[Round "4"]
[White "Schnabel, Ralf"]
[Black "Iliaguev, Nisim"]
[Result "1-0"]
[WhiteElo "2223"]
[BlackElo "1926"]
[EventDate "2015.02.24"]
[PlyCount "67"]

1.e4 c5 2.Nf3 d6 3.d4 cxd4 4.Nxd4 Nf6 5.Nc3 g6 6.Be2 Bg7 7.O-O O-O 8.Bg5 
Nc6 9.Nb3 Be6 10.Kh1 Rc8 11.f4 Na5 12.f5 Bc4 13.Bd3 a6 14.Nd2 b5 15.a3 Nd7
16.Rc1 Ne5 17.Qe2 Qd7 18.h3 Rc7 19.f6 exf6 20.Bxf6 Be6 21.Bxg7 Kxg7 22.Qf2
f5 23.exf5 Bxf5 24.Bxf5 Rxf5 25.Qd4 Rh5 26.Nd5 Rxh3+ 27.Kg1 Rh5 28.Nxc7 
Qxc7 29.Ne4 Nc4 30.b3 d5 31.Nc5 Qe7 32.bxc4 Rh4 33.Qxd5 Rxc4 34.Ne6+ 1-0

[Event "16th EUR-ch"]
[Site "Jerusalem ISR"]
[Date "2015.02.27"]
[Round "4"]
[White "Saadon, Netanel"]
[Black "Zalkind, Konstantin"]
[Result "0-1"]
[WhiteElo "1939"]
[BlackElo "2222"]
[EventDate "2015.02.24"]
[PlyCount "132"]

1.d4 d6 2.c4 g6 3.Nc3 Bg7 4.e4 Nc6 5.Nf3 Bg4 6.Be3 Bxf3 7.gxf3 e5 8.d5 Nd4
9.Nb5 Nxb5 10.cxb5 Ne7 11.Rc1 O-O 12.Qc2 Rc8 13.Bh3 f5 14.Bg5 Bf6 15.Bh6 
Bg7 16.Bg5 Qd7 17.Bxe7 Qxe7 18.exf5 Qh4 19.Bg4 h5 20.f6 hxg4 21.fxg7 Rxf3 
22.Qe2 Kxg7 23.Rc4 Rf4 24.Rxf4 exf4 25.Rg1 Rf8 26.Rxg4 Qf6 27.f3 Rf7 28.
Qd2 Qe5+ 29.Kf2 Rf5 30.Qc2 Qxd5 31.Qxc7+ Rf7 32.Qc3+ Qe5 33.Rg1 Qxc3 34.
bxc3 Kf6 35.Re1 d5 36.Rc1 Rc7 37.Ke2 Rh7 38.Rh1 Ke5 39.Kf2 Kd6 40.Kg2 Kc5 
41.a4 Kc4 42.Rd1 Rd7 43.Rd4+ Kxc3 44.Rxf4 d4 45.Kf2 d3 46.Ke1 Rh7 47.Rf8 
Rxh2 48.Rc8+ Kd4 49.Rc7 Ra2 50.Rxb7 Rxa4 51.Re7 Ra2 52.Kd1 g5 53.Re6 Rb2 
54.Re7 Rxb5 55.Rxa7 Ke3 56.Re7+ Kxf3 57.Kd2 Rd5 58.Rf7+ Kg3 59.Rf8 g4 60.
Rf7 Kg2 61.Rf8 g3 62.Rf7 Kg1 63.Rf8 g2 64.Rf7 Kh2 65.Rh7+ Kg3 66.Rg7+ Kf3 
0-1

[Event "16th EUR-ch"]
[Site "Jerusalem ISR"]
[Date "2015.02.27"]
[Round "4"]
[White "Gorodetzky, David"]
[Black "Landa, Alex"]
[Result "1-0"]
[WhiteElo "2210"]
[BlackElo "1905"]
[EventDate "2015.02.24"]
[PlyCount "63"]

1.e4 c5 2.c3 e6 3.d4 d5 4.exd5 exd5 5.Nf3 Nc6 6.Bb5 Bd6 7.O-O h6 8.c4 a6 
9.Ba4 dxc4 10.Bxc6+ bxc6 11.Be3 cxd4 12.Bxd4 Nf6 13.Nc3 Be7 14.Ne5 Be6 15.
Nxc6 Qc7 16.Nxe7 Qxe7 17.Qf3 O-O 18.Rfe1 Rfd8 19.Rad1 Rab8 20.h3 Rd7 21.
Qc6 Rbd8 22.Bxf6 Qxf6 23.Rxd7 Rxd7 24.Qxa6 Rd2 25.Qb6 Qg6 26.a4 Qc2 27.a5 
Qb3 28.Qxb3 cxb3 29.a6 Rd8 30.a7 Bc4 31.Re4 Ba6 32.Rb4 1-0

[Event "16th EUR-ch"]
[Site "Jerusalem ISR"]
[Date "2015.02.27"]
[Round "4"]
[White "Westreich, Itay"]
[Black "Marusenko, Petr"]
[Result "0-1"]
[WhiteElo "1929"]
[BlackElo "2205"]
[EventDate "2015.02.24"]
[PlyCount "110"]

1.e4 c6 2.d4 d5 3.Nc3 dxe4 4.Nxe4 Bf5 5.Ng3 Bg6 6.h4 h6 7.Nf3 Nd7 8.h5 Bh7
9.Bd3 Bxd3 10.Qxd3 e6 11.Bd2 Ngf6 12.O-O-O Be7 13.Ne4 Nxe4 14.Qxe4 Nf6 15.
Qe2 Qd5 16.c4 Qe4 17.Rde1 Qxe2 18.Rxe2 b5 19.d5 cxd5 20.cxb5 O-O 21.Nd4 
Ne4 22.Be3 Bc5 23.Rc2 e5 24.f3 exd4 25.fxe4 Bb6 26.Bf4 dxe4 27.Re1 Rfe8 
28.Rce2 Rac8+ 29.Kb1 Ba5 30.Bd2 Bxd2 31.Rxd2 d3 32.g4 Rcd8 33.Re3 Rd5 34.
a4 Kf8 35.Ka2 Rg5 36.Rg2 Rd8 37.Rg1 f5 38.Rf1 d2 39.Rd1 Rxg4 40.a5 Rg2 41.
b6 axb6 42.axb6 Ke7 43.Ka3 Kd6 44.Kb4 Ke5 45.Ka5 f4 46.Rc3 e3 47.b7 Rb8 
48.Kb6 Re2 49.Rc5+ Kd4 50.Rc8 Rxb7+ 51.Kxb7 Re1 52.Rd8+ Ke4 53.R1xd2 exd2 
54.Rxd2 f3 55.b4 Rb1 0-1

[Event "16th EUR-ch"]
[Site "Jerusalem ISR"]
[Date "2015.02.27"]
[Round "4"]
[White "Gamayev, Oleg"]
[Black "Cohen, Itay"]
[Result "1-0"]
[WhiteElo "2204"]
[BlackElo "1871"]
[EventDate "2015.02.24"]
[PlyCount "95"]

1.Nf3 d6 2.g3 Nf6 3.Bg2 g6 4.O-O Bg7 5.c4 O-O 6.Nc3 Nbd7 7.Rb1 e5 8.b4 Nh5
9.d3 h6 10.b5 f5 11.Nd5 Nhf6 12.Nxf6+ Qxf6 13.a4 g5 14.a5 Nc5 15.Bb2 Ne6 
16.Nd2 Rb8 17.b6 axb6 18.axb6 c6 19.Bc3 Qd8 20.Qb3 Nc5 21.Qb4 Be6 22.Ra1 
Qd7 23.Ra7 f4 24.Ne4 Nxe4 25.dxe4 c5 26.Qb3 Qf7 27.Ra4 Qh5 28.Qc2 Rf7 29.
Rd1 Bf8 30.Rda1 g4 31.Be1 Qg5 32.Ra8 Rxa8 33.Rxa8 h5 34.Qd3 Kg7 35.Bd2 h4 
36.Rb8 hxg3 37.hxg3 Qh5 38.Rxf8 Rxf8 39.Qxd6 Bxc4 40.Bc3 Re8 41.gxf4 Qg6 
42.Bxe5+ Kf7 43.Qxc5 Ba6 44.Bd6 Qf6 45.e5 Qg6 46.Qd5+ Kg7 47.Be4 Qh6 48.e6
1-0

[Event "16th EUR-ch"]
[Site "Jerusalem ISR"]
[Date "2015.02.27"]
[Round "4"]
[White "Adar, Idan"]
[Black "Katzir, Moshe"]
[Result "1-0"]
[WhiteElo "1912"]
[BlackElo "2196"]
[EventDate "2015.02.24"]
[PlyCount "66"]

1.d4 d5 2.c4 e6 3.Nc3 c6 4.e4 Bb4 5.Bd2 Ne7 6.Nf3 h6 7.Bd3 O-O 8.O-O c5 9.
a3 Bxc3 10.bxc3 Nbc6 11.cxd5 exd5 12.e5 Bg4 13.h3 Bh5 14.g4 Bg6 15.Qb1 b6 
16.Be3 cxd4 17.cxd4 Na5 18.Nh4 Bxd3 19.Qxd3 Nc4 20.f4 Nxe3 21.Qxe3 Nc6 22.
g5 Re8 23.Kh1 g6 24.Rg1 h5 25.f5 Qd7 26.fxg6 fxg6 27.Raf1 Nxd4 28.Rf6 Re6 
29.Nxg6 Rae8 30.Kh2 Nc6 31.Qf3 Nd4 32.Qxh5 Qg7 33.Nf4 Rc6 1-0

[Event "16th EUR-ch"]
[Site "Jerusalem ISR"]
[Date "2015.02.27"]
[Round "4"]
[White "Kraus, Ohad"]
[Black "Globus, Or"]
[Result "1-0"]
[WhiteElo "2190"]
[BlackElo "1862"]
[EventDate "2015.02.24"]
[PlyCount "71"]

1.d4 Nf6 2.c4 g6 3.Nc3 Bg7 4.e4 d6 5.Nf3 Bg4 6.Be2 Nfd7 7.Be3 Nc6 8.O-O 
Bxf3 9.Bxf3 e5 10.d5 Nd4 11.Bg4 Nb6 12.Rc1 a6 13.b3 O-O 14.f4 f5 15.fxe5 
dxe5 16.exf5 gxf5 17.Bh3 c6 18.dxc6 bxc6 19.Qh5 Rf6 20.Bg5 f4 21.Bxf6 Qxf6
22.Ne4 Qg6 23.Qxg6 hxg6 24.Bg4 a5 25.Nc5 Kf7 26.g3 g5 27.Rce1 Rd8 28.Nd3 
Nxb3 29.Nxe5+ Bxe5 30.Rxe5 Nd2 31.Rfe1 Nbxc4 32.Rf5+ Kg8 33.Rxg5+ Kf8 34.
Rf5+ Kg8 35.Rxf4 Rf8 36.Rxc4 1-0

[Event "16th EUR-ch"]
[Site "Jerusalem ISR"]
[Date "2015.02.27"]
[Round "4"]
[White "Shohat, Yotam"]
[Black "Chuvnik, Mordechai"]
[Result "1-0"]
[WhiteElo "1903"]
[BlackElo "2189"]
[EventDate "2015.02.24"]
[PlyCount "79"]

1.e4 e5 2.Nf3 Nc6 3.Bb5 a6 4.Ba4 Nf6 5.O-O Be7 6.Re1 b5 7.Bb3 d6 8.c3 O-O 
9.h3 Nb8 10.d4 Nbd7 11.Nbd2 Bb7 12.Bc2 Re8 13.Nf1 Bf8 14.Ng3 g6 15.a4 c5 
16.d5 c4 17.Be3 Nc5 18.Bxc5 dxc5 19.Qc1 Qd6 20.Qe3 Bg7 21.Nh4 Kh8 22.Qg5 
Ng8 23.Nhf5 Qf8 24.Nxg7 Qxg7 25.Rf1 Nf6 26.f4 Nd7 27.f5 f6 28.Qe3 g5 29.
Nh5 Qf7 30.g4 Qe7 31.Kf2 b4 32.Rh1 b3 33.Bd1 Bxd5 34.exd5 e4 35.Be2 Nb6 
36.Rhd1 Rad8 37.d6 Qe5 38.Qg3 e3+ 39.Kg1 Qe4 40.Nxf6 1-0

[Event "16th EUR-ch"]
[Site "Jerusalem ISR"]
[Date "2015.02.27"]
[Round "4"]
[White "Hasidovsky, Michael"]
[Black "Gabizon, Eyal"]
[Result "1-0"]
[WhiteElo "2187"]
[BlackElo "1760"]
[EventDate "2015.02.24"]
[PlyCount "85"]

1.Nf3 Nf6 2.c4 g6 3.Nc3 Bg7 4.g3 O-O 5.Bg2 d6 6.d4 Nbd7 7.O-O e5 8.e4 c6 
9.dxe5 dxe5 10.Qe2 Qc7 11.h3 Nc5 12.b4 Ne6 13.Be3 Re8 14.Rfd1 Bd7 15.Rac1 
Rad8 16.a4 a5 17.Nd5 cxd5 18.cxd5 Qb8 19.dxe6 Bxe6 20.Rxd8 Qxd8 21.Qb5 
axb4 22.Qxb4 Qb8 23.a5 Bd7 24.Nd2 Rc8 25.Rb1 Bc6 26.a6 b5 27.a7 Qa8 28.Rc1
Bf8 29.Qb1 b4 30.Nb3 Bb7 31.Rxc8 Qxc8 32.Kh2 Ba8 33.Qd3 Kg7 34.Qb5 Nd7 35.
h4 Bc6 36.Qc4 Qa8 37.Na5 Bb7 38.Qc7 Nc5 39.Bxc5 Bxc5 40.Qxc5 b3 41.Nxb7 
Qxb7 42.Qxe5+ f6 43.Qb8 1-0

[Event "16th EUR-ch"]
[Site "Jerusalem ISR"]
[Date "2015.02.27"]
[Round "4"]
[White "Drori, Saar"]
[Black "Lukin, Elisha"]
[Result "1-0"]
[WhiteElo "2173"]
[BlackElo "1721"]
[EventDate "2015.02.24"]
[PlyCount "61"]

1.e4 e6 2.d4 d5 3.Nc3 dxe4 4.Nxe4 Qd5 5.Bd3 Nc6 6.Nf3 Nb4 7.O-O Nxd3 8.
Qxd3 Be7 9.Bf4 b6 10.Bxc7 Bb7 11.Rfe1 Rc8 12.Bg3 Nh6 13.b3 O-O 14.c4 Qh5 
15.h3 Bb4 16.Re2 f5 17.Neg5 Rf6 18.Nxe6 Be4 19.Rxe4 fxe4 20.Qxe4 Nf5 21.
Bh2 Qe8 22.d5 b5 23.Be5 Nd6 24.Qd4 Rg6 25.c5 Rxe6 26.dxe6 Bxc5 27.Qg4 Qe7 
28.Rd1 h5 29.Qg6 a5 30.Ng5 Bxf2+ 31.Kh1 1-0

[Event "16th EUR-ch"]
[Site "Jerusalem ISR"]
[Date "2015.02.27"]
[Round "4"]
[White "Levin, Natan"]
[Black "Kunin, Michael"]
[Result "0-1"]
[WhiteElo "1869"]
[BlackElo "2147"]
[EventDate "2015.02.24"]
[PlyCount "122"]

1.d4 d5 2.Nf3 c6 3.c3 e6 4.Bf4 f5 5.e3 Nf6 6.Nbd2 Be7 7.Ne5 O-O 8.Bd3 Nbd7
9.Ndf3 Ne4 10.Nxd7 Bxd7 11.Ne5 Be8 12.Be2 g5 13.Bg3 f4 14.f3 fxg3 15.fxe4 
Bd6 16.exd5 Bxe5 17.dxe5 Qxd5 18.Qxd5 exd5 19.hxg3 Bg6 20.Bg4 Rae8 21.e6 
Bf5 22.Rh5 Bxg4 23.Rxg5+ Kh8 24.Rxg4 Rxe6 25.Ke2 Rfe8 26.Rf1 Rxe3+ 27.Kf2 
R3e4 28.Rxe4 Rxe4 29.Kf3 Kg7 30.g4 Kg6 31.Rh1 Re7 32.b4 Re4 33.Rh3 Rc4 34.
Ke2 Rxg4 35.g3 h5 36.Kd3 b6 37.Kc2 c5 38.bxc5 bxc5 39.Kd3 Ra4 40.Rh2 Ra3 
41.Rb2 d4 42.Rb3 Rxb3 43.axb3 dxc3 44.Kxc3 Kg5 45.Kc4 Kg4 46.Kxc5 Kxg3 47.
Kb5 h4 48.Ka6 h3 49.Kxa7 h2 50.b4 h1=Q 51.b5 Qh7+ 52.Ka8 Qg8+ 53.Ka7 Qf7+ 
54.Kb6 Qe6+ 55.Ka7 Qd7+ 56.Ka6 Qc8+ 57.Ka7 Qc7+ 58.Ka6 Qb8 59.b6 Kf4 60.b7
Ke5 61.Kb6 Kd6 0-1

[Event "16th EUR-ch"]
[Site "Jerusalem ISR"]
[Date "2015.02.27"]
[Round "4"]
[White "Rave, Avraham"]
[Black "Ben-Natan, Yigal"]
[Result "0-1"]
[WhiteElo "1824"]
[BlackElo "2138"]
[EventDate "2015.02.24"]
[PlyCount "82"]

1.d4 d5 2.Nf3 Nf6 3.e3 Bf5 4.c4 c6 5.a3 h6 6.Nc3 e6 7.c5 Nbd7 8.Bd3 Bxd3 
9.Qxd3 Be7 10.O-O O-O 11.b4 Qc7 12.a4 e5 13.dxe5 Ng4 14.h3 Ngxe5 15.Nxe5 
Nxe5 16.Qe2 Bf6 17.Rb1 Rfe8 18.Qc2 Rad8 19.Ne2 Nc4 20.Nd4 Re4 21.Qd3 Rde8 
22.Nf5 Qd7 23.f3 R4e5 24.e4 Qe6 25.Nd4 dxe4 26.fxe4 Qd7 27.Rxf6 gxf6 28.
Qxc4 Rxe4 29.Bb2 Rd8 30.Rd1 b5 31.axb5 cxb5 32.Qd3 Qe7 33.Qg3+ Kh7 34.Qf2 
Qe5 35.Kf1 Rf4 36.Rd2 Rxf2+ 37.Rxf2 Rxd4 38.Bxd4 Qxd4 39.g3 Qxb4 40.Rxf6 
Qc4+ 41.Kg2 Kg7 0-1

[Event "16th EUR-ch"]
[Site "Jerusalem ISR"]
[Date "2015.02.27"]
[Round "4"]
[White "Vaisberg, Michael"]
[Black "Yaniv, Ori"]
[Result "1-0"]
[WhiteElo "2136"]
[BlackElo "1579"]
[EventDate "2015.02.24"]
[PlyCount "113"]

1.d4 Nf6 2.c4 g6 3.Nc3 d5 4.Nf3 Bg7 5.Bf4 O-O 6.e3 c6 7.h3 Nbd7 8.Be2 Nb6 
9.c5 Nbd7 10.O-O Re8 11.Bh2 Nf8 12.Ne5 N6d7 13.f4 Nxe5 14.fxe5 f6 15.exf6 
exf6 16.Rf3 Ne6 17.Qd2 Ng5 18.Rff1 Qe7 19.Bf4 Nf7 20.Nd1 Nh6 21.Bd6 Qe6 
22.Rc1 Nf5 23.Bg4 Qf7 24.Bxf5 Bxf5 25.Nc3 Qe6 26.Rce1 Bh6 27.Nd1 Kg7 28.
Bf4 Bxf4 29.exf4 Be4 30.Nf2 Qd7 31.Re3 Re7 32.Rfe1 Rae8 33.Qe2 Kf7 34.b4 
Bf5 35.Rxe7+ Rxe7 36.Qd2 Rxe1+ 37.Qxe1 Qe7 38.Kf1 Qxe1+ 39.Kxe1 Ke6 40.Kd2
Be4 41.g3 f5 42.Ke3 h5 43.Kd2 Kf6 44.h4 Ke6 45.Kc3 Kf6 46.a4 Ke6 47.b5 Kd7
48.Nh3 Bg2 49.Ng5 Bf1 50.Kb4 a6 51.bxa6 bxa6 52.Ka5 Be2 53.Kb6 Bd1 54.a5 
Be2 55.Nf7 Bb5 56.Ne5+ Ke6 57.Nxc6 1-0

[Event "16th EUR-ch"]
[Site "Jerusalem ISR"]
[Date "2015.02.27"]
[Round "4"]
[White "Feldman, Antony"]
[Black "Bar, Aviv"]
[Result "0-1"]
[WhiteElo "1807"]
[BlackElo "2130"]
[EventDate "2015.02.24"]
[PlyCount "50"]

1.e4 c5 2.Nf3 d6 3.Bb5+ Nd7 4.c3 Nf6 5.Qe2 a6 6.Ba4 b5 7.Bc2 Bb7 8.O-O g6 
9.d4 Bg7 10.e5 Bxf3 11.gxf3 dxe5 12.dxe5 Nd5 13.f4 e6 14.a4 Rb8 15.axb5 
axb5 16.c4 bxc4 17.Qxc4 O-O 18.Nc3 Rb4 19.Qe2 Nxf4 20.Bxf4 Rxf4 21.Ra4 
Rxa4 22.Bxa4 Nxe5 23.f4 Qd4+ 24.Kh1 Nd3 25.Qf3 Nxb2 0-1

[Event "16th EUR-ch"]
[Site "Jerusalem ISR"]
[Date "2015.02.27"]
[Round "4"]
[White "Kochavi, Ori"]
[Black "Slonimskij, Arkadij"]
[Result "1/2-1/2"]
[WhiteElo "1607"]
[BlackElo "2176"]
[EventDate "2015.02.24"]
[PlyCount "112"]

1.e4 Nf6 2.e5 Nd5 3.d4 d6 4.Nf3 Bg4 5.Be2 c6 6.exd6 exd6 7.c4 Nb6 8.O-O 
Be7 9.Nbd2 O-O 10.Qc2 Re8 11.Bd3 g6 12.h3 Be6 13.b3 Bf6 14.Bb2 d5 15.c5 
Nc8 16.Rae1 Ne7 17.Re2 a5 18.Rfe1 Na6 19.a3 Nc7 20.Ne5 Bf5 21.Bxf5 Nxf5 
22.Ndf3 Ne6 23.Qd2 Bg7 24.g4 Nh4 25.Qe3 Nxf3+ 26.Nxf3 Nc7 27.Qd3 Rxe2 28.
Rxe2 Ne6 29.Bc1 Qf6 30.Re5 Nxd4 31.Re3 Ne6 32.Qc2 Qe7 33.b4 axb4 34.axb4 
Qc7 35.Qe2 Ra1 36.Qe1 Qf4 37.Kg2 Qf6 38.Qd2 Bh6 39.Bb2 d4 40.Rxe6 fxe6 41.
Qxh6 Rd1 42.Bxd4 Rxd4 43.Nxd4 Qxd4 44.Qe3 Qd5+ 45.Qf3 Qc4 46.Qa3 Kf7 47.
Qa5 Qd5+ 48.Kg1 Qd7 49.Qa1 Qd3 50.Qe5 Qb1+ 51.Kg2 Qxb4 52.g5 Qb3 53.Qf6+ 
Kg8 54.Qd8+ Kf7 55.Qc7+ Kg8 56.Qb8+ Kf7 1/2-1/2

[Event "16th EUR-ch"]
[Site "Jerusalem ISR"]
[Date "2015.02.27"]
[Round "4"]
[White "Fischer, Sebastian"]
[Black "Lahav, Michal"]
[Result "1-0"]
[WhiteElo "2256"]
[BlackElo "1886"]
[EventDate "2015.02.24"]
[PlyCount "47"]

1.e4 c5 2.Nf3 d6 3.d4 cxd4 4.Nxd4 Nf6 5.Nc3 g6 6.Be3 Bg7 7.f3 O-O 8.Qd2 
Nc6 9.g4 Bd7 10.h4 Qa5 11.h5 Rfc8 12.hxg6 hxg6 13.Nb3 Qd8 14.O-O-O Ne5 15.
Be2 Nc4 16.Bxc4 Rxc4 17.e5 Ne8 18.Qh2 f5 19.Qh7+ Kf7 20.Rh6 dxe5 21.Qxg6+ 
Kf8 22.Rdh1 Nf6 23.Rh8+ Ng8 24.R1h7 1-0

[Event "16th EUR-ch"]
[Site "Jerusalem ISR"]
[Date "2015.02.27"]
[Round "4"]
[White "Hochman, Elnatan"]
[Black "Gal, Moshe"]
[Result "1-0"]
[WhiteElo "1976"]
[BlackElo "2154"]
[EventDate "2015.02.24"]
[PlyCount "51"]

1.d4 Nf6 2.c4 c5 3.d5 b5 4.cxb5 a6 5.bxa6 g6 6.Nc3 Bg7 7.e4 O-O 8.Nf3 d6 
9.a4 Qa5 10.Bd2 Bxa6 11.Bxa6 Qxa6 12.Qe2 Nbd7 13.Qxa6 Rxa6 14.O-O Rb8 15.
Bc1 Rb4 16.Nd2 Ne5 17.Ra3 c4 18.b3 cxb3 19.Rxb3 Rab6 20.Rxb4 Rxb4 21.Ba3 
Rd4 22.Nb3 Rc4 23.Rc1 Bh6 24.Na5 Rc7 25.Rc2 Nc4 26.Nb5 1-0

[Event "16th EUR-ch"]
[Site "Jerusalem ISR"]
[Date "2015.02.27"]
[Round "4"]
[White "Ciobanu, Camelia-Adriana"]
[Black "Samarin, Leonid"]
[Result "1-0"]
[WhiteElo "2152"]
[BlackElo "1748"]
[EventDate "2015.02.24"]
[PlyCount "91"]

1.e4 e6 2.d3 d5 3.Nd2 c5 4.Ngf3 Nc6 5.g3 Nf6 6.Bg2 d4 7.O-O e5 8.h3 h6 9.
Nc4 Nd7 10.a4 a6 11.a5 Be7 12.Nh2 b5 13.axb6 Nxb6 14.f4 Nxc4 15.dxc4 O-O 
16.Ng4 Bd6 17.Nf2 Be6 18.b3 f6 19.Bf3 a5 20.f5 Bf7 21.Bh5 Qe8 22.Bxf7+ 
Qxf7 23.Ra4 Rfb8 24.Ba3 Nb4 25.Qe2 Rd8 26.Ra1 Bc7 27.Nd3 Bb6 28.Bxb4 cxb4 
29.c5 Bc7 30.Nxb4 Rdb8 31.Nd5 Rc8 32.b4 Rab8 33.b5 Qe8 34.b6 Bd8 35.Rxa5 
Qc6 36.Nb4 Qe8 37.Qc4+ Kh8 38.Qd5 Qh5 39.R5a3 Qxh3 40.b7 Rxb7 41.Qxb7 Rxc5
42.Qd7 Rc3 43.Qe8+ Kh7 44.Qg6+ Kh8 45.Rxc3 dxc3 46.Ra8 1-0

[Event "16th EUR-ch"]
[Site "Jerusalem ISR"]
[Date "2015.02.27"]
[Round "4"]
[White "Shtivelband, Vladimir"]
[Black "Vaturi, Eden"]
[Result "0-1"]
[WhiteElo "2141"]
[BlackElo "1798"]
[EventDate "2015.02.24"]
[PlyCount "68"]

1.d4 Nf6 2.c4 g6 3.Nc3 Bg7 4.e4 d6 5.Be2 O-O 6.Bg5 h6 7.Be3 Nbd7 8.g4 Kh7 
9.h4 Ng8 10.g5 f6 11.h5 fxg5 12.hxg6+ Kxg6 13.Bxg5 hxg5 14.Bh5+ Kh7 15.
Bg6+ Kxg6 16.Qh5+ Kf6 17.e5+ dxe5 18.Ne4+ Ke6 19.d5+ Kf5 20.Qxg5+ Kxe4 21.
Qg6+ Kd4 22.Ne2+ Kc5 23.b4+ Kxb4 24.Rb1+ Kc5 25.Rb5+ Kxc4 26.Qb1 Nc5 27.
Rh4+ Kxd5 28.Nc3+ Ke6 29.Rxc5 Kf7 30.Rd5 Qe8 31.Ne4 Qc6 32.Qd3 Bf5 33.Qf3 
Ke8 34.Ng5 Be6 0-1

[Event "16th EUR-ch"]
[Site "Jerusalem ISR"]
[Date "2015.02.27"]
[Round "4"]
[White "Belokopyt, Boris"]
[Black "Berenboym, Igor"]
[Result "1-0"]
[WhiteElo "1956"]
[BlackElo "2112"]
[EventDate "2015.02.24"]
[PlyCount "99"]

1.e4 c5 2.Nf3 d6 3.d4 cxd4 4.Nxd4 Nf6 5.Nc3 a6 6.Be3 e5 7.Nb3 Be7 8.Bc4 
Nbd7 9.O-O b5 10.Bd5 Nxd5 11.Nxd5 Bb7 12.a3 O-O 13.Qd2 Nf6 14.Nxf6+ Bxf6 
15.Qd3 Re8 16.Nd2 Qc7 17.f3 Rad8 18.c4 bxc4 19.Qxc4 Qxc4 20.Nxc4 d5 21.
exd5 Rxd5 22.Rfd1 Red8 23.Rxd5 Rxd5 24.Kf2 Bh4+ 25.Ke2 f5 26.Rd1 f4 27.Ba7
Rxd1 28.Kxd1 e4 29.Nd6 exf3 30.Nxb7 fxg2 31.Ke2 Bf6 32.b3 Kf7 33.Kf3 g5 
34.Kxg2 Ke6 35.Nc5+ Kf5 36.Nxa6 g4 37.Bf2 h5 38.b4 h4 39.b5 Be5 40.Nb4 Ke4
41.Nc6 Bd6 42.b6 Bxa3 43.b7 Bd6 44.b8=Q Bxb8 45.Nxb8 Kd3 46.Nc6 g3 47.Ba7 
Ke2 48.Nd4+ Kd3 49.Ne6 gxh2 50.Kxh2 1-0

[Event "16th EUR-ch"]
[Site "Jerusalem ISR"]
[Date "2015.02.27"]
[Round "4"]
[White "Altshul, Limor"]
[Black "Zlatin, Alexander"]
[Result "1-0"]
[WhiteElo "1887"]
[BlackElo "2086"]
[EventDate "2015.02.24"]
[PlyCount "79"]

1.d4 Nf6 2.c4 e6 3.Nc3 c5 4.d5 exd5 5.cxd5 d6 6.e4 g6 7.Bd3 Bg7 8.Bg5 O-O 
9.f4 Re8 10.Nge2 Qb6 11.Bc2 Ng4 12.Na4 Qb4+ 13.Qd2 h6 14.Bh4 Ne3 15.Nec3 
Nxc2+ 16.Qxc2 b5 17.a3 Qa5 18.Nxc5 dxc5 19.O-O a6 20.e5 Bf5 21.Qe2 c4 22.
Ne4 Nd7 23.Bf2 Bxe5 24.fxe5 Rxe5 25.Nf6+ Kg7 26.Nh5+ Kf8 27.Bc5+ Kg8 28.
Nf6+ Kh8 29.Qf2 Nxc5 30.Qf4 Kg7 31.Qxe5 Nd3 32.Nh5+ Kf8 33.Qh8+ Ke7 34.
Qxa8 Qb6+ 35.Kh1 Nf2+ 36.Rxf2 Qxf2 37.Qb7+ Kf8 38.Qb8+ Ke7 39.Qe5+ Kf8 40.
d6 1-0

[Event "16th EUR-ch"]
[Site "Jerusalem ISR"]
[Date "2015.02.27"]
[Round "4"]
[White "Nareznoy, David"]
[Black "Abend, Ilay"]
[Result "1-0"]
[WhiteElo "2069"]
[BlackElo "1725"]
[EventDate "2015.02.24"]
[PlyCount "83"]

1.e4 e5 2.Nf3 Nc6 3.Bc4 Bc5 4.b4 Bxb4 5.c3 Ba5 6.d4 exd4 7.O-O d6 8.cxd4 
Bg4 9.Qa4 Bxf3 10.gxf3 Kf8 11.Be3 Qf6 12.Be2 Bb6 13.Rd1 Nge7 14.Nc3 h5 15.
f4 h4 16.h3 Ba5 17.Nd5 Qg6+ 18.Kh2 Qxe4 19.Nxe7 Kxe7 20.Bd3 Qf3 21.d5 Qxd5
22.Ba6 Qf5 23.Bxb7 Nb4 24.a3 Nd3 25.Qc2 Rab8 26.Ba6 Qf6 27.Qxd3 Rh6 28.
Rab1 Rxb1 29.Rxb1 Bb6 30.Rc1 Rg6 31.Qe4+ Kf8 32.Bxb6 d5 33.Bc5+ Kg8 34.
Qe8+ Kh7 35.Be3 Qxa6 36.Qxf7 d4 37.Bxd4 Qb7 38.Rg1 Rxg1 39.Kxg1 Qb1+ 40.
Kh2 Qg6 41.Qxg6+ Kxg6 42.Bxa7 1-0

[Event "16th EUR-ch"]
[Site "Jerusalem ISR"]
[Date "2015.02.27"]
[Round "4"]
[White "Chachashvili, Zuri"]
[Black "Kneler, Boris"]
[Result "0-1"]
[WhiteElo "1818"]
[BlackElo "2025"]
[EventDate "2015.02.24"]
[PlyCount "66"]

1.e4 c6 2.Nc3 g6 3.Nf3 d5 4.d4 Bg7 5.h3 dxe4 6.Nxe4 Nd7 7.Bd3 Ngf6 8.O-O 
O-O 9.c3 Qc7 10.Re1 Nxe4 11.Bxe4 e6 12.Bg5 h6 13.Bd2 c5 14.Qe2 cxd4 15.
cxd4 Nf6 16.Bd3 Qd8 17.Rad1 Nd5 18.Ne5 Bd7 19.Qg4 Be8 20.Qf3 Rc8 21.Rc1 
Rxc1 22.Rxc1 Qb6 23.Rc8 Qxd4 24.Ng4 f5 25.Nxh6+ Kh7 26.Rxe8 Rxe8 27.Nf7 
Qxb2 28.Bxf5 Qxd2 29.Qh5+ Kg8 30.Bxg6 Qc1+ 31.Kh2 Qf4+ 32.Kg1 Nf6 33.Qb5 
Rc8 0-1